Former Flags of East European Countries/Territories - Statistics

General Stats
  • This quiz has been taken 55 times
  • The average score is 9 of 13
Answer Stats
Picture Answer % Correct
Austria-Hungary (Austro-Hungarian)
100%
Union of Soviet Socialist Republics (USSR)
90%
Czechoslovakia
87%
Socialist Republic of Romania
84%
Principality of Moldavia
81%
Russian Empire
74%
Belarus
71%
Polish-Lithuanian Commonwealth
68%
Republic of Georgia
68%
Chechen Republic of Ichkeria
48%
Principality of Wallachia
48%
Golden Horde
29%
Kingdom of Bohemia
29%
No matching quizzes found
Score Distribution
Percent of People with Each Score
Percentile by Number Answered
Your Score History
You have not taken this quiz